Регионална библиотека "Любен Каравелов" - Русе

Кутия за енфие от Багомбо (Запис номер 30259)

MARC детайли
000 -Лидер
Контролно поле с фиксирана дължина 01344nam a2200301 c 4500
003 - Код на организацията, давaща контролен номер
Контролно поле BLK
005 - Дата и час на последна редакция
Контролно поле 20180422095921.0
008 - Елементи от данни с фиксирана дължина
fixed length control field 180407b bul|||||r ||||||| ||bul||
010 ## - Наследен системен номер
LC control number KNG00032892000
020 ## - Международен стандартен номер на книга ISBN
Международен стандартен номер на книга ISBN 954-8453-41-Х
-- издат.: Весела Люцканова
040 ## - Източник на каталожния запис
Идентификатор на билиотеката - собственик на записа BLK
041 ## - Код за език
Код за езика на текст/звукозапис или на отделно заглавие Български
Код за езика КДБФ Български
080 ## - УДК
Текстов определител УДК Американска литература (на САЩ)
УДК код - определител по УДК 821.111(73)
УДК определител -32
УДК - код + определител 821.111(73)-32
100 1# - Редна дума - Автор
Автор Вонегът, Кърт
Авторска отговорност първи автор
R(LIN) 243619
139 ## - Редно поле
Редна дума Вонегът, Кърт
Авторски знак Волт - В 83
245 10 - Сведения за заглавието
Заглавие Кутия за енфие от Багомбо
Подзаглавни данни Неиздавани в сб. разкази
Редно поле (дума) Кърт Вонегът; прев. от англ. Владимир Германов.
257 ## - Страна на издаване
Страна на създаване/издаване Съединени американски щати
260 ## - Област на издателските данни
-- София
Име на издателя, разпространителя и проч. Весела Люцканова
Година на издаване 1999
Печатница София : Петекстон
300 ## - Физическа характеристика
Страници 348 с.
Размери/Мащаб 20 см
380 ## - Жанр
Жанр Худож. лит.
500 ## - Общи забележки
Забележка Кор. загл. Кутийка за енфие от Багомбо. - Ориг. загл. Bagombo snuff box / Kurt Vonnegut. - Авт. е известен като Кърт Вонегът
700 1# - Други автори (авторска отговорност)
Лично име Германов, Владимир
Автороска отговорност (Описва отношението между автора и произведението) прев. от англ.
9 (RLIN) 363432
852 ## - Местоположение
Форматна сигнатура Цб 205117
856 4# - Електронен адрес и достъп
Електронен формат pdf - файл
Път до файла /url/
856 4# - Електронен адрес и достъп
Електронен формат pdf - файл
Път до файла /url/
942 ## - АРТИКУЛИ
Вид на библиотечния материал Книги
Скрит в OPAC Не
944 ## - СЪЗДАВАНЕ И РЕДАКЦИЯ на ЗАПИСА
Създаване/Редакция Създаване
Дата на регистрацията/редакция 15.01.2003
Служител, извършил регистрацията/редакцията Геновева_Генчева
944 ## - СЪЗДАВАНЕ И РЕДАКЦИЯ на ЗАПИСА
Създаване/Редакция Редакция
Дата на регистрацията/редакция 17.01.2011
Служител, извършил регистрацията/редакцията
999 ## - СИСТЕМНИ КОНТРОЛНИ НОМЕРА
Koha biblionumber 30259
Koha biblioitemnumber 30259
Наличности
Код за отписване Код за изгубен артикул Източник на класификационната схема Код за повреда Коз за рестрикции Код за отдаване Артикулен № Име на библиотеката - собственик Име на библиотеката, в която се намира в момента Статус (Текущо местоположение) Дата на вписване в системата Местоположение - отдел Цена в лева Инвентарен номер Систематично азбучна сигнатура Баркод Номер на екземпляра Цена в евро Служебна бележка Служебен тип на артикула
  Не е изгубен Universal Decimal Classification Не е повреден без рестрикции ползва се в читалня 48466 Регионална библиотека "Любен Каравелов" Русе Регионална библиотека "Любен Каравелов" Русе Хранилище 2001-01-01 Хранилище 5.50 656367 Цб 205117 120000656367 1 2.81 Дост: Dp Вид: Д N: 25 Дата: 01.01.1999 Книги
Vip Innovations Ltd, Rousse, Bulgaria 2025